| 000 | 00677nam a2200193 a 4500 | ||
|---|---|---|---|
| 001 | BRCA_1459 | ||
| 005 | 20190320203434.0 | ||
| 008 | 900329s1988 mx-b---##b---#100-0#spa-d | ||
| 020 | _a9688813184 | ||
| 050 | 4 |
_aF1231 _b.M36 1988 |
|
| 245 | 1 | 0 |
_aMapas y planos de México _bsiglos XVI al XIX. |
| 260 |
_aMéxico _bINEGI : INAH _c1988 |
||
| 300 |
_a135 p. _bil. (algunas a color), mapas _c22 cm. |
||
| 500 | _aCatálogo de exposición realizada en el Museo Nacional de Historia, Castillo de Chapultepec (Ciudad de México), 1988 | ||
| 504 | _aBibliográfia : p. 131-133 | ||
| 651 | 4 |
_aMéxico _vCatálogos _xMapas _y1800 _94773 |
|
| 651 | 4 |
_aMéxico _vMapas _94774 |
|
| 942 |
_2lcc _cB |
||
| 999 |
_c1321 _d1321 |
||